Capitales África examen - Estadísticas

Estadísticas generales
  • Esta prueba ha sido intentada 92 veces
  • La puntuación promedio es 19 de 27
Estadísticas de respuestas
País Capital % Correcto
Argelia Argel
100%
Egipto El Cairo
92%
Marruecos Rabat
92%
Senegal Dakar
87%
Angola Luanda
87%
Madagascar Antananarivo
85%
Kenia Nairobi
82%
Túnez Túnez
82%
Libia Tripoli
79%
Etiopía Addis Abeba
77%
Mozambique Maputo
77%
Nigeria Abuya
74%
Ghana Accra
74%
Camerún Yaundé
74%
Sudáfrica Pretoria
72%
Congo Brazzaville
67%
Guinea Ecuatorial Malabo
67%
Mauritania Nuakchot
67%
Botsuana Gaborone
64%
Ruanda Kigali
64%
Chad Yamena
64%
República Democrática del Congo Kinshasa
62%
Namibia Windhoek
62%
Costa de Marfil Yamusukro
62%
Sudán Jartum
59%
Somalia Mogadiscio
46%
Tanzania Dar el Salam
15%
No se encontraron pruebas coincidentes
Distribución de puntuación
Porcentaje de gente con cada puntuación
Porcentaje por número respondido
Historial de tus puntuaciones
No has intentado esta prueba.